Building quantities explained

Gespeichert in:
Bibliographische Detailangaben
1. Verfasser: SEELEY, Ivor H Winfield, Roger
Format: Buch
Sprache:Englisch
Veröffentlicht: Macmillan 2014
Tags: Tag hinzufügen
Keine Tags, Fügen Sie den ersten Tag hinzu!

MARC

LEADER 00000nam a22000007a 4500
008 201217b ||||| |||| 00| 0 eng d
020 |a 0-333-71972-7 
100 |a SEELEY, Ivor H  |a  Winfield, Roger 
245 |a Building quantities explained  |c Ivor H. Seeley [and] Roger Winfield  |g xvii, 406p. 
250 |b 5th ed. 
260 |b Macmillan  |c  2014  |h Hampshire  |i 687118  |i 691422  |i 687119  |i 691578  |i 691421  |i 691579  |l TH435 .Se3   |m Building – Estimates  |m Building – Measurement.  |m Building – Valuation.  |m Quantity surveying.  |m Quantity surveying. 
942 |a lcc  |c BK  |e 17/12/2020  |f 17/12/2020 
952 |0 0  |1 0  |2 lcc  |4 0  |6 TH0435 S E3  |7 0  |9 655  |a HOL  |b EDM  |c QZ  |d 2020-12-17  |l 0  |o TH435 .Se3  |p 2020-22972  |r 2020-12-17 00:00:00  |w 2020-12-17  |y BK 
952 |0 0  |1 0  |2 lcc  |4 0  |6 TH0435 S E3  |7 0  |9 656  |a HOL  |b EDM  |c QZ  |d 2020-12-17  |l 0  |o TH435 .Se3  |p 2020-22973  |r 2020-12-17 00:00:00  |w 2020-12-17  |y BK 
952 |0 0  |1 0  |2 lcc  |4 0  |6 TH0435 S E3  |7 0  |9 657  |a HOL  |b EDM  |c QZ  |d 2020-12-17  |l 0  |o TH435 .Se3  |p 2020-22974  |r 2020-12-17 00:00:00  |w 2020-12-17  |y BK 
952 |0 0  |1 0  |2 lcc  |4 0  |6 TH0435 S E3  |7 0  |9 658  |a HOL  |b HOL  |c QZ  |d 2020-12-17  |l 0  |o TH435 .Se3  |p 2020-22975  |r 2020-12-17 00:00:00  |w 2020-12-17  |y BK 
952 |0 0  |1 0  |2 lcc  |4 0  |6 TH0435 S E3  |7 0  |9 659  |a HOL  |b HOL  |c QZ  |d 2020-12-17  |l 0  |o TH435 .Se3  |p 2020-22976  |r 2020-12-17 00:00:00  |w 2020-12-17  |y BK 
952 |0 0  |1 0  |2 lcc  |4 0  |6 TH0435 S E3  |7 0  |9 660  |a HOL  |b HOL  |c QZ  |d 2020-12-17  |l 0  |o TH435 .Se3  |p 2020-22977  |r 2020-12-17 00:00:00  |w 2020-12-17  |y BK 
999 |c 365  |d 365